Outer Banks - Statistics

General Stats
  • This quiz has been taken 2,774 times
  • The average score is 13 of 15
Answer Stats
Hint Answer % Correct
John Bs dad Big John
99%
His father is missing John B
99%
John B's girlfriend Sarah
99%
Has a gun JJ
97%
In love with JJ Kiara
97%
Killed Peterkin Rafe
95%
Sarahs ex Topper
94%
Married to Ward Rose
85%
Killed Gavin Ward
85%
"Pops got me on lockdown" Pope
84%
Newest Pouge Cleo
83%
Sarahs sister Wheezie
83%
JJs dad Luke
68%
Popes dad Heyward
64%
Posessed woman Ms. Crain
26%
No matching quizzes found
Score Distribution
Percent of People with Each Score
Percentile by Number Answered
Your Score History
You have not taken this quiz